000 00257nam a2200109Ia 4500
008 220216s9999 xx 000 0 und d
100 _aMathew George
245 0 _aRubber nu idavilayayi naarakavum
260 _bRubber
_c2013
300 _a40-41
942 _cJS
999 _c67841
_d67841